| 000 | 01744nam a2200229Ia 4500 | ||
|---|---|---|---|
| 008 | 260220t1974||||xx |||||||||||||| ||spa|| | ||
| 040 |
_aPY-SlUNAC _bspa _erda |
||
| 041 | _aspa | ||
| 082 |
_a410 _bL755l |
||
| 245 | 0 | _aLingüística y significación | |
| 264 |
_aBarcelona : _bSalvat editores, _c℗1974. |
||
| 300 | _a1 volumen | ||
| 520 | _aEl libro "Lingüística y significación", publicado en 1974 por Salvat en Barcelona, ofrece un análisis profundo sobre la relación entre el lenguaje y su capacidad de significar. A través de un enfoque interdisciplinario, se exploran las bases teóricas de la lingüística moderna, integrando conceptos de semántica, pragmática y sintaxis. El autor examina cómo los signos lingüísticos adquieren significado, considerando factores como el contexto cultural y social que influyen en la interpretación del lenguaje. Además, se discuten las diferentes corrientes lingüísticas y sus enfoques en la construcción de significados, destacando la importancia de la comunicación en la transmisión de ideas y conocimientos. Al abordar la significación desde múltiples perspectivas, este texto se convierte en una herramienta valiosa para estudiantes y profesionales interesados en la teoría del lenguaje, así como en la aplicación práctica de la lingüística en diversos campos, como la filosofía, la sociología y la psicología. Su relevancia persiste en estudios contemporáneos sobre el lenguaje y su función en la sociedad. | ||
| 653 | _aLingüística | ||
| 653 | _aSemántica | ||
| 653 | _aSignificado | ||
| 942 |
_b2026/02/17 _cBK |
||
| 999 |
_c7275 _d7275 |
||